000 00462nam a2200181Ia 4500
001 9483
003 IN-NITTTR
005 20251114233048.0
008 251113s9999||||xx |||||||||||||| ||eng||
040 _beng
040 _cIN-NITTTR
041 _aeng
082 _a624.18 H445B
100 _aHerubin, Charles A.
245 0 _aBasic construction materials. /
_cHerubin, Charles A., Marotta, Theodore W.
700 _a Marotta, Theodore W.
942 _2ddc
_cBK
999 _c12120
_d12120